| 000 | 00886nam a2200277 a 4500 | ||
|---|---|---|---|
| 001 | 26434 | ||
| 003 | CO-ViMGA | ||
| 008 | 141112s2004 ck r 000 u spa d | ||
| 020 | _a9789588461311 | ||
| 040 |
_aCO-ViMGA _bspa _cCO-ViMGA |
||
| 041 | _aSPA | ||
| 090 | _aN CAS30 | ||
| 100 | 1 |
_aCastaño, José Alejandro _941156 |
|
| 245 | 1 | 0 |
_aCierra los ojos, princesa / _cJosé Alejandro Castaño |
| 250 | _a1a ed. | ||
| 260 |
_aBogotá : _bIcono, _c2014 |
||
| 300 | _a221 p. | ||
| 500 | _aIncluye datos biográficos del autor en la solapa. | ||
| 650 | 1 | 4 |
_aAUTORES COLOMBIANOS - SIGLO XX _92054 |
| 650 | 1 | 4 |
_aLITERATURA COLOMBIANA - SIGLO XXI _92257 |
| 650 | 1 | 4 |
_aNARCOTRAFICO - NOVELA _923049 |
| 650 | 1 | 4 |
_aNOVELA COLOMBIANA - SIGLO XXI _92137 |
| 650 | 1 | 4 |
_aRELACION PADRE - HIJOS - NOVELA _941157 |
| 651 |
_aMEDELLIN (ANTIOQUIA, COLOMBIA) - NOVELA _941158 |
||
| 942 |
_2ddc _cBK |
||
| 999 |
_c2398 _d2398 |
||